Music Quiz

Random Music or Clickable Quiz

Musical Wizard Quiz Stats

 Plays Quiz not verified by Sporcle

Also try: Duet Partners
Challenge
Share
Tweet
Embed
Score 0/20 Timer 01:00
0 Plays Today
% Correct
Prince
69.2%
Adele
69.2%
Drake
61.5%
Ariana Grande
61.5%
Maroon 5
53.8%
Flo Rida
53.8%
Twenty One Pilots
53.8%
George Frideric Handel
53.8%
Taylor Swift
53.8%
Selena Gomez
53.8%
% Correct
Skrillex
46.2%
Fetty Wap
46.2%
Lukas Graham
46.2%
Kevin Gates
46.2%
Chris Brown
46.2%
Meghan Trainor
46.2%
Zayn
38.5%
Iggy Azalea
38.5%
Jeremith
30.8%
Ro James
30.8%

You're not logged in!

Compare scores with friends on all Sporcle quizzes.
Join for Free
OR
Log In

You Might Also Like...

Show Comments

Extras

Top Quizzes Today


Score Distribution

Your Account Isn't Verified!

In order to create a playlist on Sporcle, you need to verify the email address you used during registration. Go to your Sporcle Settings to finish the process.

Report this User

Report this user for behavior that violates our Community Guidelines.

Details: